| 000 | 00549nam a2200205Ia 4500 | ||
|---|---|---|---|
| 005 | 20250508164429.0 | ||
| 008 | 008 250505s9999 xx 000 0 hin d | ||
| 037 | _aTextual | ||
| 040 |
_aFEDL _beng _cFEDL |
||
| 041 |
_ahin _2hin |
||
| 084 |
_a891.433, MAI _qFEDL |
||
| 100 |
_aMaitrayee Pushpa _9778123 |
||
| 245 | 0 | _aKahi isuri faag | |
| 260 |
_aNew Delhi, India _bRajkamal Prakashan _c2004 |
||
| 300 | _a339p. | ||
| 365 |
_aINR _b295 |
||
| 650 | _aHindi novel | ||
| 942 |
_cTEXL _h891.433, MAI |
||
| 999 |
_c1389096 _d1389096 |
||